000 00346nam a2200157Ia 4500
100 _aShah/Sharanam
650 _aJava
942 _cBK
366 _f20
245 _aJava EE Project using EJB3 JPA and struts 2 for begineers
260 _bSPD
_c2009
082 _a5.133
_bSHA
300 _a1129
546 _aENGLISH
_cComputers
999 _c24936
_d24936